Perchement et réalités fortifiées en Méditerranée et en Europe, véme-xéme siecles = Fortified hilltop settlements in the Mediterranean and in Europe (5th-10th centuries) /

The result of an international congress (Roquebrune-sur-Argens, October 2019) about the fortified hilltop settlements of Late Antiquity and the Early Middle Ages, papers present both brand new data and syntheses on wide contexts throughout the European continent, the Mediterranean basin and beyond.

محفوظ في:

مؤلف مشترك: Congrès international d'histoire et d'archéologie Roquebrune-sur-Argens, France)

مؤلفون آخرون: Pergola, Philippe (المحرر), Castiglia, Gabriele (المحرر), Hanna, Elie Essa Kas (المحرر), Martinetto, Ilaria (المحرر), Segura, Jean-Antoine (المحرر)

التنسيق: وقائع المؤتمر كتاب الكتروني

اللغة: French
English
Italian
Portuguese
Spanish

منشور في: Oxford : Archaeopress Archaeology, 2023.

سلاسل: Limina/limites. Archaeologies, histories, islands and borders in the Mediterranean (365-1556) ; 11.

الموضوعات:

الوصول للمادة أونلاين: Login to view Source

الوسوم: إضافة وسم

لا توجد وسوم, كن أول من يضع وسما على هذه التسجيلة!

رقم الطلب: UG401 .P47 2023

LEADER 03068nam a2200553 i 4500
001 EDZ0003082152
003 StDuBDS
005 20230828071355.0
006 m|||||o||d||||||||
007 cr |||||||||||
008 230731s2023 enka fob 100|0|fre|d
020 |a 9781803272429 (PDF ebook) :  |c No price 
040 |a StDuBDS  |b eng  |c StDuBDS  |e rda  |e pn 
041 0 |a fre  |a eng  |a ita  |a por  |a spa 
050 0 |a UG401  |b .P47 2023 
082 0 4 |a 355.709409009  |2 23 
111 2 |a Congrès international d'histoire et d'archéologie  |d (2019 :  |c Roquebrune-sur-Argens, France),  |j creator. 
245 1 0 |a Perchement et réalités fortifiées en Méditerranée et en Europe, véme-xéme siecles =  |b Fortified hilltop settlements in the Mediterranean and in Europe (5th-10th centuries) /  |c edités par Philippe Pergola, Gabriele Castiglia, Elie Essa Kas Hanna, Ilaria Martinetto et Jean-Antoine Segura. 
246 3 1 |a Fortified hilltop settlements in the Mediterranean and in Europe (5th-10th centuries) 
264 1 |a Oxford :  |b Archaeopress Archaeology,  |c 2023. 
300 |a 1 online resource (474 pages) :  |b illustrations (black and white, and colour). 
336 |a text  |2 rdacontent 
336 |a still image  |2 rdacontent 
337 |a computer  |2 rdamedia 
338 |a online resource  |2 rdacarrier 
490 1 |a Limina/limites. Archaeologies, histories, islands and borders in the Mediterranean (365-1556) ;  |v 11 
500 |a Also issued in print: 2023. 
500 |a Selected conference papers. 
504 |a Includes bibliographical references. 
520 8 |a The result of an international congress (Roquebrune-sur-Argens, October 2019) about the fortified hilltop settlements of Late Antiquity and the Early Middle Ages, papers present both brand new data and syntheses on wide contexts throughout the European continent, the Mediterranean basin and beyond. 
521 |a Specialized. 
546 |a In French with papers in French, English, Italian, Portuguese and Spanish. One paper in Catalan. 
588 |a Description based on online resource; title from PDF title page (viewed on July 31, 2023). 
650 0 |a Fortification  |z Mediterranean Region  |x History  |v Congresses. 
650 0 |a Fortification  |z Europe  |x History  |v Congresses. 
650 0 |a Human settlements  |z Mediterranean Region  |x History  |y To 1500  |v Congresses. 
650 0 |a Human settlements  |z Europe  |x History  |y To 1500  |v Congresses. 
651 0 |a Europe  |x Antiquities  |v Congresses. 
700 1 |a Pergola, Philippe,  |e editor. 
700 1 |a Castiglia, Gabriele,  |e editor. 
700 1 |a Hanna, Elie Essa Kas,  |e editor. 
700 1 |a Martinetto, Ilaria,  |e editor. 
700 1 |a Segura, Jean-Antoine,  |e editor. 
776 0 8 |i Print version :  |z 9781803272412 
830 0 |a Limina/limites. Archaeologies, histories, islands and borders in the Mediterranean (365-1556) ;  |v 11. 
856 4 0 |u http://library.arce.org:8087/Archaeopress/Products/9781803272412 
942 |2 lcc  |c EBOOK 
952 |0 0  |1 0  |4 0  |6 UG0401  |7 1  |9 49730  |a ARCH  |b ARCH  |d 2023-08-28  |l 0  |o UG401  |r 2023-08-28 00:00:00  |w 2023-08-28  |y EBOOK 
999 |c 54373  |d 54373